| 000 | 00664nam a2200217 i 4500 | ||
|---|---|---|---|
| 001 | bgj | ||
| 100 | 1 | _aWILSON, James Q. | |
| 245 | 1 | 0 |
_aAmerican government : _binstitutions and policies / _cJames Q. Wilson. |
| 250 | _a3rd ed. | ||
| 260 |
_aLexington, Ma ; _aToronto : _bD. C. Heath and Company, _ccop. 1986. |
||
| 300 |
_aXV, 642, A88 : _bphotos, ill., tables, graphs ; _c25 cm. |
||
| 504 | _aBibliography p. A51-A65. | ||
| 505 | _aIncludes indexes. | ||
| 651 | 9 |
_aUnited States _xPolitics and Government |
|
| 020 | _a0669076791 | ||
| 040 | _cBPK | ||
| 041 | 0 | _aeng | |
| 920 | _a0-669-07679-1 | ||
| 942 | _cKS | ||
| 008 | s uk f |000 0 eng | ||
| 999 |
_c47868 _d47868 |
||
| 856 |
_uhttp://koha.tu.koszalin.pl/cgi-bin/koha/opac-detail.pl?biblionumber=47868 _yKatalog online BPK |
||